Krov kostela sv

Titel: Krov kostela sv : Kříže v České Lípě
Verfasser:
In: Bezděz, Band 11 (2002), Seite 261-273
alle Artikel anzeigen
Veröffentlicht: 2002
Format: Aufsatz
Sprache: Tschechisch
Kein Bild verfügbar
X
alg: 39298044
001A    $01999:11-11-16 
001B    $01999:22-05-21 $t21:52:17.000 
001C    $06050:19-11-16 $t22:31:02.000 
001D    $01999:11-11-16 
001U    $0utf8 
001X    $00 
002@    $0Aox 
003@    $0392980444 
007A    $0392980444 $aHEB 
007T    $0Herdp09284 
010@    $acze 
011@    $a2002 
021A    $aKrov kostela sv $dKříže v České Lípě 
028A    $aPanáček $dMichal 
031A    $d11 $h261-273 $j2002 
039B    $aIn $8--Abvc--. Bezděz. - Česká Lípa, 1990-. - ISSN 1211-9172 $x200200000110000739 $905908720X 
045F    $a307.094371 $eDDC23BSB 
045F/01 $a307.09 
045F/03 $g4371 
045T    $a7,41 

lok: 39298044 78

exp: 39298044 78 1 #EPN
201B/01 $002-07-21 $t00:06:33.000 
201U/01 $0utf8 
203@/01 $0789090759 
208@/01 $a11-11-16 $be 
209A/01 $a/ $f000 $x00 
220C/01 $aTitelaufnehmer: rb 
220C/01 $aHerkunft: Hú Av Čr Praha 
244Z/01 $#Tschechien $#Tschechische Republik $#Tschechische Republik $#Tschechenland $#Tschechei Tschechien $#Česká Republika $#Czech Republic $#ČR $74303381-7 $8--Tg1--Tschechien $x01 $9086659812 
244Z/01 $2Trx $#Böhmen $#Bohemia $#Czechy $8--Trx--Čechy $x02 $9391188941 
244Z/01 $7117945-7 $8--Tg1--Česká Lípa $x03 $9040686248 
244Z/01 $2Trx $#kirikud hooned $#bažnyčių pastatai $#churches buildings $#templomok épületek $#kościoły budynki $#kostoly budovy $#kostely budovy $8--Trx--Kirchen$gGebäude $x04 $9391363778 
244Z/01 $2Trx $#kaitsepühakud Püha Rist $#šventieji globėjai Šventasis Kryžius $#patronships Holy Cross $#patrocínium Szentkereszt $#patrocinia św. Krzyż $#patrocinium Kríž sv. $#patrocinia sv. Kříž $#Kreuz, heiliges Patrozinium $#św. Krzyż patrocinium $#Kríž sv. patrocinium $#sv. Kříž patrocinium $8--Trx--Patrozinien$gKreuz, heiliges $x05 $9391383574 
244Z/01 $2Trx $#arhitektuur, sakraalne $#sakralinė architektūra $#Architecture, sacral $#építészet, szakrális $#architektura sakralna $#architektúra, sakrálna $#architektura sakrální $#Kirchenbau $#stavba kostolov $8--Trx--Architektur, sakrale $x06 $9391375059 
244Z/01 $2Trx $8--Trx--Zeitschriftenaufsatz $x07 $9391384341 
245Z/01 $a13.03 $x01 
245Z/01 $a11.11 $x02 
247C/01 $82080>Marburg/Lahn, Herder-Institut, Forschungsbibliothek, Bibliographieportal $9336309341
LEADER 00000caa a22000002c 4500
001 392980444
003 DE-603
005 20210522215217.0
007 tu
008 161111s2002 xx |||| | u00||u|cze c
035 |a (DE-599)HEB392980444 
040 |a DE-603  |b ger  |c DE-603  |d DE-603 
041 |a cze 
082 0 4 |8 1\u  |a 307.094371  |q DE-101  |2 23/BSB 
084 |a 7,41  |2 ssgn 
085 |8 1\u  |b 307.09 
085 |8 1\u  |z 2  |s 4371 
100 1 |a Panáček, Michal 
245 0 0 |a Krov kostela sv  |b Kříže v České Lípě 
264 0 |c 2002 
773 0 8 |i In  |t Bezděz  |d Česká Lípa, 1990-  |x 1211-9172  |g Band 11 (2002), Seite 261-273  |w (DE-603)05908720X  |w (DE-600)1136222-4 
924 0 |9 2080  |a (DE-603)789090759  |b DE-2080  |c HES  |d d  |g /